000 00223nam a22001097a 4500
040 _c300
082 _a300 WIIL 1994 C083
100 _aWILLIAM
245 _aEthics modeling
260 _aPhnom Penh
_bWIL
_c1994
942 _cEK
999 _c11038
_d11038